Intézmény, identitás és biztonság Közép-Kelet-Európában

Elmentve itt :
Bibliográfiai részletek
Szerző: Bakk Miklós
Adatforrás:Philobibl
Forrásdokumentuma:A Hét, 1991, 51-52.sz
11 p. p.
Dokumentumtípus: Cikk
Nyelv:magyar
LEADER 00308nab a2200097 c 4500
001 bibDOK00018475
005 20200924121235.5
008 060518s1991 hu hun
100 1 |a Bakk Miklós 
245 1 0 |a Intézmény, identitás és biztonság Közép-Kelet-Európában  |c Bakk Miklós 
773 0 |t A Hét, 1991, 51-52.sz  |g 11 p. p.